00573cam a2200169 a 4500040000800000082002700008245010000035246006500135246004100200260004100241300002500282500001700307650003400324710002100358942000700379999001700386 cWaS a919 THE 1980 A105 Or.00aCity of Seattle :bHuman Rights Department minority business enterprise listing (MBE) May 1980.30aHuman Rights Department minority business enterprise listing30aMinority business enterprise listing aSeattle, Wash. :bThe Dept.,c[1980] a134 leaves ;c28 cm. aCover title. 0aMinority business enterprises1 aSeattle (Wash.). cEK c15141d15141